[Event "20th Dubai Open 2018"]
[Site "Dubai"]
[Date "2018.04.05"]
[Round "4"]
[White "Sethuraman, S.P"]
[Black "Narayanan S L"]
[Result "1-0"]
[WhiteElo "2631"]
[BlackElo "2568"]
[Annotator "TA"]
[PlyCount "65"]
[EventDate "2018.??.??"]
[EventType "swiss"]
[EventCountry "UAE"]
[SourceTitle "playchess.com"]
[Source "ChessBase"]
[SourceQuality "1"]

{[%evp 18,65,0,8,29,18,19,17,15,6,0,-27,-21,-25,-29,-29,-26,-35,0,-22,0,-26,-17,-31,0,0,0,0,49,26,50,29,91,81,83,89,354,312,974,925,12832,12833,12829,12829,29992,29993,29993,29989,29989,29990]} 1. Nf3 d5 2. d4 Nf6 3. c4 e6 4. Nc3 Be7 5. Bf4 O-O 6. a3 {D37: Queen's Gambit Declined: 5 Bf4} (6. e3 Nbd7 7. a3 c5 8. cxd5 Nxd5 9. Nxd5 exd5 10. dxc5 Nxc5 11. Be5 Bf5 12. Be2 Bf6 13. O-O Be4 14. Rc1 Ne6 {0-1 (38) Mamedyarov,S (2799)-Carlsen,M (2837) Riadh 2017}) 6... dxc4 7. e3 Nd5 8. Bxc4 Nxf4 9. exf4 Bf6 10. Qd2 {LiveBook: 4 Games} Nd7 $146 ({Predecessor:} 10... b6 11. O-O-O Bb7 12. Qe3 Nc6 13. d5 exd5 14. Bxd5 {1-0 (80) Edouard,R (2630)-Fridman,D (2642) Germany 2016}) 11. Ne4 Nb6 12. Bb3 Bd7 13. Qd3 Bc6 14. O-O g6 15. Rac1 Bxe4 16. Qxe4 c6 17. g3 Nd5 18. Rfd1 Qb6 19. Rd3 Rfd8 20. h4 Rd7 21. h5 Rad8 22. Kg2 Nc7 {[%cal Rf6d4]} 23. hxg6 hxg6 24. Rcd1 Qb5 (24... Rd6 $11 {remains equal.}) 25. Ne5 $16 Bxe5 26. fxe5 {[#] Strongly threatening Qh4.} Kg7 $2 {[%mdl 8192]} (26... f5 $16 27. exf6 Qf5) 27. Rh1 $18 Rh8 $2 (27... Rg8 28. Qf4 Kf8) 28. Rxh8 {White wants to mate with Qh4!} Kxh8 29. Rd1 Kg8 {[#]} 30. Rh1 $1 Nd5 31. Qh4 {[%csl Gh1][%cal Rh4h8] White mates.} Kf8 32. Bxd5 Qxd5+ 33. f3 {Precision: White = 68%, Black = 22%.} 1-0

[Event "20th Dubai Open 2018"]
[Site "Dubai"]
[Date "2018.04.05"]
[Round "4"]
[White "Adly, Ahmed"]
[Black "Karthik, Venkataraman"]
[Result "1/2-1/2"]
[WhiteElo "2626"]
[BlackElo "2470"]
[Annotator "TA"]
[PlyCount "125"]
[EventDate "2018.??.??"]
[EventType "swiss"]
[EventCountry "UAE"]
[SourceTitle "playchess.com"]
[Source "ChessBase"]
[SourceQuality "1"]

{[%evp 18,125,-12,-9,-21,-30,-28,-46,-44,-56,-32,-60,-37,-49,6,-57,-45,-51,-38,-48,-62,-86,-94,-76,-56,-88,0,-17,-16,0,0,0,0,-112,-17,-68,-60,-250,-247,-240,-247,-238,-180,-177,-195,-254,-240,-232,-176,-176,-176,-180,-179,-192,-186,-173,-87,-189,-186,-195,-195,-187,-181,-184,-177,-184,-186,-227,-195,-222,-175,-228,-219,-480,-479,-471,-467,-716,-716,-12840,-443,-12842,-12843,-12842,-12843,-12845,-12846,-12846,-12847,-12847,-12846,-12846,-12847,-12847,-12847,-12844,-12848,-12850,-12851,-12851,0,0,0,0,0,0,0,0,0,0]} 1. c4 c5 2. Nf3 Nc6 3. g3 g6 4. Bg2 Bg7 5. O-O e6 6. Nc3 Nge7 7. a3 d5 {A37: Symmetrical English vs ...g6: 4 Bg2 Bg7 5 Nf3} 8. cxd5 exd5 9. d3 (9. b4 d4 10. Ne4 d3 11. Rb1 cxb4 12. axb4 Bf5 13. Nh4 dxe2 14. Qxe2 Nd4 15. Qd1 {½-½ (44) Van Wely,L (2656)-Vachier Lagrave,M (2793) chess.com INT 2018}) 9... O-O 10. Bf4 {LiveBook: 6 Games} b6 11. Qd2 Bg4 12. Rab1 d4 $146 ({Predecessor:} 12... Qd7 13. Bh6 Bh3 14. Bxg7 Kxg7 15. Bxh3 Qxh3 16. b4 cxb4 17. axb4 {½-½ (64) Mohammad,N (2251)-Krishna Teja,N (2188) Kolkata 2013}) 13. Ne4 Nd5 14. Bh6 a5 15. h3 Bxf3 (15... Bc8 $15) 16. Bxf3 (16. exf3 $11 f5 17. Bxg7 Kxg7 18. Ng5) 16... Re8 17. Rfc1 Qd7 18. Bxg7 Kxg7 19. Nxc5 bxc5 20. Rxc5 Nce7 21. h4 Rac8 (21... a4 $17 22. Rbc1 Rab8) 22. Rxa5 Nf6 23. Qf4 h5 24. b4 Nf5 25. Rc1 {[#]} (25. a4 $11 {keeps the balance.}) 25... Rc3 (25... Qd6 $1 $17 {[%cal Rd6f4] White must now prevent ...Qxf4.} 26. Rxc8 Qxf4 27. gxf4 Rxc8) 26. Rc5 (26. Rb1 $11) 26... Rc8 $36 {[%mdl 2048] Black is more active.} 27. a4 $2 {[#]} ({Better is} 27. Rxc8 $1 $15 Qxc8 28. Ra1) 27... R8xc5 $1 $19 28. bxc5 Qxa4 29. c6 Qa3 30. Rb1 Qa2 31. Rb5 (31. Re1 $142) 31... Qa1+ 32. Kh2 {Strongly threatening Rxf5.} Qc1 33. Qxc1 Rxc1 34. Kg2 Ne8 35. Rb7 Ned6 36. Rd7 Rc5 ({Black should try} 36... Rc2 $19 37. Kf1 Kf6) 37. Kh3 (37. c7 $17) 37... Kf6 38. g4 hxg4+ 39. Kxg4 Ke6 40. Ra7 Ne7 41. Ra6 Nb5 42. e3 dxe3 43. fxe3 Nc7 44. Ra7 (44. Ra3 {was necessary.}) 44... Nxc6 45. d4 $2 (45. Bxc6 Rxc6 46. Kf3) 45... Nxa7 46. dxc5 Ke5 47. h5 (47. c6 $142 Nc8 48. h5 gxh5+ 49. Kg3) 47... gxh5+ 48. Kxh5 Nab5 (48... Nd5 $142 49. Bxd5 Kxd5) 49. c6 (49. Kg4 $142) 49... Nd6 50. Bg4 Nc4 51. Kh6 Nxe3 52. Kg7 f6 53. Bd7 Nc4 54. Kf7 Nd5 55. Kg6 Ncb6 56. Kf7 Kd6 57. Bh3 Kxc6 58. Ke6 Nc4 $2 (58... Na8 $19 59. Bg4 Nac7+ 60. Kf5 Nb5) 59. Bg2 $11 {The position is equal.} Nce3 60. Be4 Kc5 61. Bf3 Kd4 62. Bh1 Nf4+ 63. Kxf6 {Precision: White = 21%, Black = 49%.} 1/2-1/2

[Event "20th Dubai Open 2018"]
[Site "Dubai"]
[Date "2018.04.05"]
[Round "4"]
[White "Iturrizaga Bonelli, Eduardo"]
[Black "Kryvoruchko, Yuriy"]
[Result "1-0"]
[WhiteElo "2624"]
[BlackElo "2703"]
[Annotator "TA"]
[PlyCount "81"]
[EventDate "2018.??.??"]
[EventType "swiss"]
[EventCountry "UAE"]
[SourceTitle "playchess.com"]
[Source "ChessBase"]
[SourceQuality "1"]

{[%evp 14,81,11,13,14,3,5,12,23,0,25,0,0,-49,29,44,95,109,95,77,174,176,136,172,189,186,196,173,174,182,215,206,212,188,191,184,188,62,83,37,39,48,34,14,27,25,35,43,25,15,20,27,44,44,25,45,56,45,16,29,212,219,855,772,1491,1467,5089,5089,2909,2545]} 1. Nf3 d5 2. b3 Nf6 3. Bb2 e6 {[%cal Be7e6,Be6d5,Bd5d4][%mdl 32]} 4. e3 c5 5. c4 Nc6 6. cxd5 exd5 7. Be2 d4 {A13: English Opening: 1...e6} 8. Bb5 {LiveBook: 6 Games} Bd6 9. h3 $146 ({Find the theoretical novelty and annotate with similar games:} 9. exd4 O-O 10. Bxc6 bxc6 11. O-O cxd4 12. Bxd4 Bg4 13. h3 Bh5 14. Nc3 Re8 15. d3 {½-½ (52) Topalov,V (2761)-Kramnik,V (2812) Leuven 2016}) 9... O-O {The position is equal.} 10. O-O Bf5 11. Bxc6 bxc6 12. exd4 cxd4 13. Nxd4 {[#]} Bd3 ({Better is} 13... Bxh3 $1 $15 {[%mdl 512]} 14. gxh3 Qd7) 14. Re1 $1 $11 Bc5 (14... Qc7 $14) 15. Nxc6 $16 Qb6 16. Qf3 Be4 (16... Bxf2+ $16 {was called for.} 17. Qxf2 Qxc6) 17. Rxe4 $18 Nxe4 18. Qxe4 {aiming for d4.} Rae8 19. Ne5 $1 {Hoping for d4.} Bxf2+ 20. Kh1 Bg3 21. d4 f6 22. Qd5+ Qe6 23. Qxe6+ Rxe6 {[#]} 24. Nf3 $1 Re2 {[#]} 25. Nbd2 ({White should try} 25. Ba3 $1 $18 {[%cal Ra3f8]} Rfe8 26. Nc3) 25... Rc8 $14 26. Rc1 (26. Ba3 {NOTEXT} Rc2 27. Bb4 Bf4 28. Rd1 Rxa2 29. d5) 26... Rxc1+ 27. Bxc1 Bf4 28. d5 Kf7 29. a4 g5 30. Kg1 Be3+ 31. Kf1 Rf2+ 32. Ke1 {Threatens to win with Nc4.} Rxg2 33. Ba3 Rg3 34. Ke2 Bxd2 35. Nxd2 Rxh3 36. Bc5 a6 $2 (36... Rh2+ $11 {and Black stays safe.} 37. Kd3 Rh3+ 38. Kc2 a5) 37. b4 $18 {[%cal Bb3b4,Bb4b5,Bb5b6,Bb6b7][%mdl 32]} Ra3 $2 (37... Rh2+ 38. Kd3 Rh3+ 39. Kc2 Rh4) 38. b5 {White is clearly winning.} Rxa4 39. b6 Ra5 40. b7 Rb5 41. Nc4 {Precision: White = 64%, Black = 33%.} 1-0

[Event "20th Dubai Open 2018"]
[Site "Dubai"]
[Date "2018.04.05"]
[Round "4"]
[White "Gupta, Abhijeet"]
[Black "Venkatesh, M.R"]
[Result "1-0"]
[WhiteElo "2617"]
[BlackElo "2487"]
[Annotator "TA"]
[PlyCount "59"]
[EventDate "2018.??.??"]
[EventType "swiss"]
[EventCountry "UAE"]
[SourceTitle "playchess.com"]
[Source "ChessBase"]
[SourceQuality "1"]

{[%evp 14,59,53,14,60,0,0,0,16,8,7,3,20,19,25,12,37,38,43,34,47,53,135,66,68,68,181,179,225,218,268,272,264,283,291,297,332,325,331,331,485,490,571,479,804,796,765,751]} 1. d4 Nf6 2. c4 g6 3. Nc3 Bg7 4. e4 d6 5. Nf3 O-O 6. Be2 {[%cal Bf1e2,Be2f3,Bf3g4][%mdl 32]} Na6 7. Bf4 Bg4 {E91: King's Indian: Classical: 6 Be2, unusual replies including 6...c5 and 6...Bg4} (7... c6 8. Qd2 Re8 9. h3 d5 10. e5 Ne4 11. Qe3 Nc7 12. Nxe4 dxe4 13. Qxe4 Ne6 14. Be3 f5 15. Qd3 Qb6 16. d5 Nc5 17. Qa3 cxd5 18. cxd5 Qd8 19. Qxc5 b6 20. Qd4 Bb7 21. Bc4 Kh8 22. Ng5 {1-0 (22) Delgado Ramirez,N (2615)-Matsuura,E (2477) Florianopolis 2017}) 8. O-O {LiveBook: 4 Games} Nd7 (8... e5 $5 9. dxe5 dxe5 $14) 9. h3 Bxf3 $1 {The position is equal.} 10. Bxf3 e5 11. Be3 exd4 12. Bxd4 Bxd4 13. Qxd4 Nac5 $146 ({Predecessor:} 13... Nb4 14. Qd2 Nc5 15. Bd1 {1-0 (30) Ollier,P (2277)-Kirk,E (2132) Creon 2011}) 14. Rad1 Re8 15. Bg4 Nf6 {[%cal Rf6e4]} 16. Rfe1 h5 17. e5 $36 {[%mdl 2048] White has good play.} Nh7 {[#]} (17... hxg4 $14 18. exf6 Rxe1+ 19. Rxe1 Ne6 20. Qxg4 Qxf6) 18. exd6 (18. Bf3 $1 $16) 18... Rxe1+ $14 19. Rxe1 {Black must now prevent Nd5.} hxg4 (19... Qxd6 $14 20. Nd5 Ne6 21. Bxe6 fxe6) 20. Qxc5 $18 cxd6 {[#]} 21. Qd4 $1 Qb6 22. Qxb6 ({Don't take} 22. Qxg4 $6 Qxb2 23. Qd4 b6 $18) 22... axb6 23. hxg4 {[%cal Bh3g4,Bg4g5][%mdl 4128] Endgame KRN-KRN} Nf6 24. g5 Nd7 25. Rd1 Ne5 26. b3 ({Weaker is} 26. Rxd6 Nxc4 27. Rd7 Nxb2 $16) 26... b5 (26... Rd8 {might work better.} 27. f3 Nc6) 27. cxb5 {White is clearly winning.} Rc8 28. Ne4 Rc2 (28... Ng4 $142 29. Nxd6 Rd8) 29. Nf6+ Kf8 30. f4 {Precision: White = 68%, Black = 35%.} 1-0

[Event "20th Dubai Open 2018"]
[Site "Dubai"]
[Date "2018.04.05"]
[Round "4"]
[White "Zubov, Alexander"]
[Black "Ganguly, Surya Shekhar"]
[Result "1/2-1/2"]
[WhiteElo "2606"]
[BlackElo "2642"]
[Annotator "TA"]
[PlyCount "73"]
[EventDate "2018.??.??"]
[EventType "swiss"]
[EventCountry "UAE"]
[SourceTitle "playchess.com"]
[Source "ChessBase"]
[SourceQuality "1"]

{[%evp 14,73,14,11,84,-7,-8,-14,-14,-21,-15,-28,-8,-42,14,26,25,0,6,0,0,0,16,17,20,12,8,7,11,0,40,17,15,24,42,52,39,26,26,0,0,0,0,0,0,0,0,0,4,0,0,0,0,0,0,0,0,0,0,0,0,0]} 1. e4 e5 2. Nf3 Nc6 3. Bc4 Nf6 4. d3 Bc5 5. Bg5 h6 6. Bh4 d6 7. c3 g5 8. Bg3 $1 {LiveBook: 13 Games} Nh5 {[#] C54: Giuoco Piano: 4 c3 Nf6, main lines with 5 d4 and 5 d3} (8... a5 $11) (8... O-O 9. Nbd2 a6 10. a4 Ba7 11. O-O Nh7 12. h3 Kh8 13. d4 g4 14. hxg4 Bxg4 15. Be2 Rg8 16. Kh1 {0-1 (34) Salem,A (2656)-Ding,L (2760) Sharjah 2017}) 9. Nbd2 (9. Nxe5 $1 $16 Nxg3 10. Bxf7+ Kf8 11. Ng6+ Kxf7 12. Nxh8+ Qxh8 13. hxg3) 9... Qf6 $146 ({Predecessor:} 9... Nxg3 10. hxg3 Bg4 11. Qc2 Qf6 12. Bd5 Bd7 13. b4 Bxf2+ 14. Kxf2 g4 15. Raf1 gxf3 16. Kg1 {1-0 (24) Scepanik,H-Benzen,M Kiel 2001}) 10. Qe2 a6 11. Bb3 Be6 12. Ba4 b5 13. Bb3 Nf4 ({Black should try} 13... Rb8 $15) 14. Bxf4 $1 Qxf4 15. Nf1 Ne7 $132 {[%mdl 2048] Black puts up resistance} 16. g3 (16. Ne3 {looks sharper.} h5 17. Nd2 g4 18. a4 b4 19. O-O) 16... Qf6 17. Ne3 c6 18. Bxe6 Qxe6 19. O-O Bb6 20. Kg2 O-O 21. h4 f5 22. exf5 Nxf5 23. hxg5 {Strongly threatening Ng4.} Bxe3 24. fxe3 e4 25. Nd4 $1 {[%cal Rd4e6]} exd3 26. Nxe6 {[#] White threatens Qh5 and mate.} (26. Qxd3 $5 {[%cal Rd4e6]} Nxd4 27. Qxd4 $11 (27. exd4 Qd5+ 28. Rf3 Qxg5 $14)) 26... dxe2 {The position is equal.} 27. Rf3 Rfe8 28. Rxf5 Rxe6 {[%mdl 4096] Endgame KRR-KRR} 29. Re1 Rxe3 30. gxh6 d5 31. g4 Rae8 32. g5 R8e6 33. Kf2 Rh3 34. Kg2 Rhe3 35. Kf2 Rh3 36. Kg2 Rhe3 37. Kf2 {Precision: White = 38%, Black = 55%.} 1/2-1/2

[Event "20th Dubai Open 2018"]
[Site "Dubai"]
[Date "2018.04.05"]
[Round "4"]
[White "Flores, Diego"]
[Black "Urazayev, Arystanbek"]
[Result "1-0"]
[WhiteElo "2601"]
[BlackElo "2331"]
[Annotator "TA"]
[PlyCount "81"]
[EventDate "2018.??.??"]
[EventType "swiss"]
[EventCountry "UAE"]
[SourceTitle "playchess.com"]
[Source "ChessBase"]
[SourceQuality "1"]

{[%evp 16,81,40,41,37,37,60,50,47,43,43,38,58,62,83,78,83,68,63,65,72,66,66,72,84,86,88,88,120,120,120,120,114,120,120,111,141,139,141,135,147,127,127,121,158,174,200,124,131,105,210,224,221,208,289,261,422,426,432,425,435,429,401,322,401,425,729,722]} 1. Nf3 Nf6 2. g3 g6 3. b3 Bg7 4. Bb2 O-O 5. Bg2 d6 {[%cal Bd7d6,Bd6d5][%mdl 32]} 6. d4 c5 7. c4 d5 8. O-O dxc4 9. dxc5 {LiveBook: 6 Games} Qxd1 {E60: King's Indian: Unusual lines and Fianchetto Variation without Nc3} (9... Qc7 10. Qc1 Qxc5 11. Na3 Qh5 12. Nxc4 Nc6 13. Qg5 Qxg5 14. Nxg5 Bd7 15. Rfd1 Rfd8 16. Nf3 Be6 17. Nfe5 Rxd1+ 18. Rxd1 {½-½ (43) So,W (2812)-Vachier Lagrave,M (2795) Stavanger 2017}) 10. Rxd1 Na6 $146 ({Predecessor:} 10... Nfd7 11. Bxg7 Kxg7 12. Nfd2 Nxc5 13. Nxc4 Nc6 14. Nc3 Be6 15. Bxc6 bxc6 16. Na5 Rfc8 17. Rac1 {1-0 (35) Meier,G (2655)-Perske,T (2443) Germany 2017}) 11. Nbd2 Nxc5 {White is slightly better.} 12. Nxc4 Be6 13. Rac1 Rfd8 14. Nd4 Bd5 15. Ba3 Bxg2 16. Bxc5 Bh3 {Threatens to win with ...Ne4.} 17. Bxe7 Rd7 18. Bxf6 Bxf6 19. Nb5 Re8 {[#]} 20. e3 $1 Rxd1+ 21. Rxd1 Bg4 22. Rd2 a6 23. Nc7 Rc8 24. Nd5 Bd8 {Black wants to play ...Bf3.} 25. Kg2 b5 26. Nd6 {f3 is the strong threat.} Rb8 27. e4 Be6 28. Nf4 Bg5 29. h4 Bxf4 30. gxf4 $16 {[%mdl 4096] Endgame KRB-KRN} Kg7 31. Rc2 a5 32. Kf3 a4 {[#]} (32... b4 $16 {keeps fighting.}) 33. b4 $1 $18 a3 34. Ke3 Kf6 35. e5+ Ke7 $2 (35... Kg7 36. Rc3 Ra8 37. Nxb5 Rb8) 36. Rc7+ Kf8 37. Ra7 Bxa2 38. Rxa3 Be6 39. Ra7 Kg7 40. h5 {[%cal Bh4h5,Bh5h6][%mdl 32]} Kf8 (40... Rf8 $142 41. Nxb5 Rc8) 41. h6 {Precision: White = 85%, Black = 57%.} 1-0

[Event "20th Dubai Open 2018"]
[Site "Dubai"]
[Date "2018.04.05"]
[Round "4"]
[White "Pantsulaia, Levan"]
[Black "Saravana, Krishnan P"]
[Result "0-1"]
[WhiteElo "2592"]
[BlackElo "2312"]
[Annotator "TA"]
[PlyCount "73"]
[EventDate "2018.??.??"]
[EventType "swiss"]
[EventCountry "UAE"]
[SourceTitle "playchess.com"]
[Source "ChessBase"]
[SourceQuality "1"]

{[%evp 13,73,2,1,0,30,34,45,44,28,45,45,39,44,28,43,0,0,0,0,0,0,-15,-7,-16,-14,-35,-21,-74,-66,-87,-93,-150,-95,-145,-127,-124,-141,-122,-131,-195,-173,-204,-85,-162,-147,-152,-112,-227,-216,-218,-203,-207,-211,-218,-219,-414,-407,-380,-229,-190,-157,-604]} 1. Nf3 d5 2. c4 dxc4 3. Na3 g6 4. Nxc4 Bg7 5. d4 Nf6 {[%cal Bg8f6,Bf6d5,Bd5e3][%mdl 32]} 6. g3 {A09: Réti Opening: 1 Nf3 d5 2 c4} c5 7. Bg2 Nc6 {[%cal Rc5d4] LiveBook: 8 Games} 8. Be3 {The position is equal.} Nd5 9. dxc5 Nxe3 10. Qxd8+ $146 ({Find the theoretical novelty and annotate with similar games:} 10. fxe3 Be6 11. Qa4 O-O 12. Rd1 Qc7 13. Nd4 Bxc4 14. Qxc4 {½-½ (26) Marin,M (2537)-Perpinya Rofes,L (2381) Barcelona 2005}) 10... Nxd8 11. fxe3 Be6 12. Rc1 Rc8 13. b4 b5 $1 14. Na5 (14. Nce5 {NOTEXT} Bxa2 15. Kf2 Bd5 16. Rhd1 e6 17. Rb1) 14... Bb2 $1 $36 {[%cal Rb2c1][%mdl 2048] Black is pushing.} 15. Kf2 {aiming for Rb1.} Bxc1 16. Rxc1 Bd5 17. Rd1 Ba8 18. Rd3 f6 19. Bh3 f5 20. Ra3 (20. Bg2 $11) 20... Rf8 $17 21. Nd4 {[#]} a6 $1 22. Nab3 (22. Bg2 $142) 22... Rf6 (22... e5 $142 23. Rxa6 exd4 24. Nxd4 Bb7) 23. Na5 g5 24. Bg2 Bxg2 25. Kxg2 g4 26. e4 (26. Rd3 $17 {was worth a try.}) 26... fxe4 $19 27. Re3 e5 (27... Ne6 $19 28. Rxe4 Nxd4 29. Rxd4 Re6) 28. Rxe4 (28. Ndb3 $17 {might work better.}) 28... Nf7 29. Ndb3 h5 30. Nc1 (30. Re3 $17 {was necessary.}) 30... Kd7 31. Nd3 Rf5 32. Nb3 Rf8 33. Nd2 Kc7 34. h4 $2 {[#]} (34. Re3 {is the only way for White.}) 34... gxh3+ $1 35. Kh1 Kc6 36. Rh4 Rd8 37. Kh2 $2 {Precision: White = 30%, Black = 73%.} (37. Rxh3 $17 Rd4 38. Rh2) 0-1

[Event "20th Dubai Open 2018"]
[Site "Dubai"]
[Date "2018.04.05"]
[Round "4"]
[White "Ghaem Maghami, Ehsan"]
[Black "Jones, Gawain C B"]
[Result "1/2-1/2"]
[WhiteElo "2523"]
[BlackElo "2675"]
[Annotator "TA"]
[PlyCount "70"]
[EventDate "2018.??.??"]
[EventType "swiss"]
[EventCountry "UAE"]
[SourceTitle "playchess.com"]
[Source "ChessBase"]
[SourceQuality "1"]

{[%evp 18,70,15,0,43,40,31,26,33,24,42,23,31,25,30,42,83,49,119,75,173,162,198,181,189,171,179,164,156,149,150,137,131,131,246,186,200,96,140,70,65,76,77,67,77,79,68,8,4,6,33,16,34,31,33]} 1. d4 Nf6 2. c4 g6 3. g3 Bg7 4. Bg2 O-O 5. Nc3 d6 6. Nf3 Nc6 7. O-O Rb8 8. b3 a6 9. e3 b5 10. Qe2 {LiveBook: 59 Games} Bd7 {E63: King's Indian: Fianchetto: Panno Variation with 7...a6} 11. Bb2 {[%cal Rc4b5]} Na5 12. Nd2 Bg4 {White has an edge.} 13. f3 Bd7 14. Rfd1 {[#]} Re8 $146 ({Find the theoretical novelty and annotate with similar games:} 14... e6 15. Rac1 h5 {1-0 (52) Georgiev,K (2637)-Nevednichy,V (2593) Budva 2003}) 15. Rac1 bxc4 16. Nxc4 c6 17. e4 Bh6 (17... Nxc4 $14 18. Qxc4 Qa5) 18. Ne3 e5 (18... Bxe3+ $16 {was necessary.} 19. Qxe3 Nc4 20. bxc4 Rxb2) 19. dxe5 Qb6 20. Re1 ({But not} 20. exf6 $6 Qxe3+ 21. Qxe3 Bxe3+ 22. Kh1 Bxc1 $14) 20... dxe5 21. Na4 Qa7 22. Kh1 c5 23. Nxc5 Bb5 24. Qf2 Rbc8 25. b4 {Hoping for a4.} Nc6 (25... Bxe3 $16 26. Rxe3 (26. Qxe3 Nc4 $16) 26... Nb7) 26. a3 a5 27. Ra1 (27. Bh3 $18 {and White stays clearly on top.}) 27... axb4 {[#]} 28. axb4 (28. Nd5 $1 $16 {[%cal Rd5f6]} Nxd5 29. exd5) 28... Qb6 $14 29. Bc3 {Strongly threatening Nd5.} Bf8 {[#]} 30. Rac1 $1 {aiming for f4.} Bxc5 31. bxc5 Qxc5 32. Ng4 (32. Ba1 $14 Qa7 33. Qc2) 32... Qxf2 $11 33. Nxf2 Ra8 34. Rb1 Rab8 35. Kg1 h5 {Precision: White = 52%, Black = 46%.} 1/2-1/2

[Event "20th Dubai Open 2018"]
[Site "Dubai"]
[Date "2018.04.05"]
[Round "4"]
[White "Debashis, Das"]
[Black "Hejazipour, Mitra"]
[Result "1-0"]
[WhiteElo "2518"]
[BlackElo "2304"]
[Annotator "TA"]
[PlyCount "45"]
[EventDate "2018.??.??"]
[EventType "swiss"]
[EventCountry "UAE"]
[SourceTitle "playchess.com"]
[Source "ChessBase"]
[SourceQuality "1"]

{[%evp 23,45,0,31,12,70,81,179,195,356,366,443,443,707,718,701,679,1043,1081,1051,1054,1060,699,1274,1270]} 1. d4 Nf6 2. c4 e6 3. Nc3 Bb4 4. e3 O-O 5. Bd3 d5 6. a3 Bxc3+ 7. bxc3 c5 8. cxd5 exd5 9. Ne2 {[%cal Bg1e2,Be2g3,Bg3f5][%mdl 32]} b6 10. O-O Ba6 11. f3 Re8 12. Ng3 h5 {LiveBook: 5 Games. E49: Nimzo-Indian: Rubinstein: 5 Bd3 d5 6 a3 Bxc3+ 7 bxc3} (12... Bxd3 13. Qxd3 Nc6 14. Bb2 h5 15. Rae1 h4 16. Nf5 h3 17. gxh3 Ne7 18. dxc5 bxc5 19. c4 dxc4 20. Nxe7+ Qxe7 21. Qxc4 Rab8 22. Rf2 {0-1 (40) Navara,D (2740)-Alekseev,E (2616) Katowice 2017}) 13. e4 $146 {[#] Hoping for Bxa6.} ({Predecessor:} 13. Nh1 Bxd3 14. Qxd3 Qc8 15. Nf2 Qa6 16. a4 Qxd3 17. Nxd3 Nc6 18. dxc5 Na5 19. Rb1 Nc4 20. Kf2 {1-0 (89) Peralta,F (2588)-Shyam,S (2530) Montcada 2016}) 13... Bxd3 ({Black should try} 13... cxd4 $1 $11 14. Bxa6 Nxa6) 14. Qxd3 $14 {aiming for Bg5.} h4 (14... cxd4 $16 {might work better.} 15. cxd4 dxe4 16. fxe4 Nc6) 15. Nf5 $18 h3 $2 (15... dxe4 {was called for.} 16. fxe4 Rxe4) 16. Bg5 (16. gxh3 cxd4 17. cxd4 Qd7 $18) 16... cxd4 17. cxd4 {White is clearly winning.} dxe4 (17... Nbd7 $142 18. e5 hxg2) 18. fxe4 Nbd7 19. Rf4 Ne5 20. Qxh3 Ng6 21. Raf1 Rc8 22. R4f2 Rxe4 {[#]} 23. Nxg7 $1 {[%mdl 512]} 1-0

[Event "20th Dubai Open 2018"]
[Site "Dubai"]
[Date "2018.04.05"]
[Round "4"]
[White "Gagare, Shardul"]
[Black "Sekar, B."]
[Result "1-0"]
[WhiteElo "2502"]
[BlackElo "2298"]
[Annotator "TA"]
[PlyCount "97"]
[EventDate "2018.??.??"]
[EventType "swiss"]
[EventCountry "UAE"]
[SourceTitle "playchess.com"]
[Source "ChessBase"]
[SourceQuality "1"]

{[%evp 19,97,-13,-14,-18,-8,-20,4,-15,0,-23,-1,-48,-58,-62,-52,-83,-79,-83,-51,-40,0,-3,-4,-24,-23,-29,-25,-24,-30,-29,-27,-31,0,-40,-13,-10,-13,-15,37,-11,12,13,43,28,55,40,132,132,132,106,132,132,132,132,132,132,135,92,133,83,140,140,140,112,140,91,99,97,94,107,234,231,227,218,377,353,369,356,509,428]} 1. c4 Nf6 2. Nc3 e5 3. a3 Nc6 4. g3 d5 5. cxd5 Nxd5 6. Bg2 Be6 7. Nf3 Be7 8. O-O O-O 9. d3 Qd7 10. Bd2 f6 {LiveBook: 15 Games. A29: English Opening: Four Knights Variation with 4 g3} 11. b4 a5 {Threatening ...Nxc3.} 12. b5 Nd4 {The position is equal.} 13. a4 c6 14. bxc6 bxc6 15. Rb1 Nb4 16. Be3 Rac8 17. Nd2 Rfd8 18. Rb2 Kf8 19. Qb1 c5 20. Nc4 Qa7 $1 21. Rc1 Qa6 22. h4 Kg8 23. Kh2 Bf8 24. Ne4 Bd7 25. Qa1 Be6 26. Rc3 Qa7 27. Qf1 h6 28. Rc1 Be7 (28... Rb8 $11) 29. Nc3 Qa6 30. Bh3 Bxh3 31. Qxh3 Ra8 32. h5 Qe6 (32... Rf8 $14) 33. Qxe6+ $16 Nxe6 34. g4 Kf7 35. Ne4 Nd4 36. Ng3 Ra6 37. Kg2 Rd7 38. Nd2 Rd5 39. Rc4 Ne6 (39... Rb6 $142) 40. Rb1 {[%cal Bb2b1,Bb1c1,Bc1c4][%mdl 32]} Nd4 41. Nde4 Ne6 42. Nc3 Rd7 43. Rc1 Nd4 44. Nce4 Ra8 (44... Raa7 $16) 45. Nxc5 $18 Bxc5 46. Rxc5 Ke6 $2 {[#]} (46... Ne6 {might work better.}) 47. R1c4 Nb3 48. Rb5 Ra6 (48... Na1 $142 49. Bb6 Nb3) 49. Nf5 {Precision: White = 45%, Black = 25%.} 1-0